Shinto Shrines in Tokyo - Statistics

General Stats
  • This quiz has been taken 17 times
  • The average score is 4 of 22
Answer Stats
Shrine % Correct
Meiji
79%
Kanda
43%
Asakusa
36%
Nogi
29%
Yushima
29%
Hanazono
21%
Hie
21%
Nezu
21%
Suiten-gū
21%
Tokyo Daijingu
21%
Toyokawa
21%
Hikawa
14%
Okunitama
14%
Shōin
14%
Togo
14%
Atago
7%
Namiyoke Inari
7%
Ōmiya Hachiman
7%
Three Palace Sanctuaries
7%
Tsukudo
7%
Kume no Heinai-dō
0%
Yasukini
0%
No matching quizzes found
Score Distribution
Percent of People with Each Score
Percentile by Number Answered
Your Score History
You have not taken this quiz